Countries With 4 Letter Names - Statistics

General Stats
  • This quiz has been taken 59 times
  • The average score is 8 of 10
Answer Stats
Answer % Correct
Mali
92%
Fiji
88%
Laos
88%
Chad
86%
Iran
84%
Iraq
84%
Cuba
82%
Oman
82%
Peru
82%
Togo
80%
No matching quizzes found
Score Distribution
Percent of People with Each Score
Percentile by Number Answered
Your Score History
You have not taken this quiz